Moulin Rouge! Musical Film Trivia - Statistics

General Stats
  • This quiz has been taken 351 times
  • The average score is 9 of 15
Answer Stats
Hint Answer % Correct
Who played Satine? Nicole Kidman
95%
What year was the film released? 2001
90%
Your Song is a key song from the film. Who sang the original? Elton John
86%
What is Satine's dream job? A real actress
77%
Satine had 'Consumption'. What is consumption another name for? Tuberculosis
62%
What alcoholic beverage is mentioned throughout the film? Absinthe
61%
Fill in the Black: Freedom, Beauty, _____ and Love Truth
53%
What (sleeping) disorder did the Argentinian Dancer have? Narcolepsy
52%
What *international* genre was the play performed in the film? Bollywood
45%
During what revolution is the film set? Bohemian
44%
What would the Moulin Rouge become once the Duke invests? Theatre
44%
Where is director Baz Lurhmann from? Australia
43%
Who did actor Jim Broadbent portray? Harold
39%
Why did Christian move to Paris? To write
37%
What was Telouse dressed as when Christian first met him? Nun
29%
No matching quizzes found
Score Distribution
Percent of People with Each Score
Percentile by Number Answered
Your Score History
You have not taken this quiz